Pays de Naissance Kpop #2 - Statistiques

Statistiques générales
  • Ce quiz a été pris 495 fois
  • Le résultat moyen est 11 sur 16
Statistiques - réponses
Par images Réponse % Correct
Thaïlande
92%
Japon
86%
Chine
84%
Thaïlande
82%
Corée du Sud
80%
États-Unis
80%
États-Unis
75%
Chine
74%
Japon
73%
Taïwan
72%
Chine
67%
Corée du Sud
67%
Japon
63%
Canada
56%
Australie
53%
Inde
40%
Aucun quiz correspondant
Distribution des résultats
% des personnes avec chaque résultat
Percentile par nombre de réponses
Votre historique - résultats
Vous n’avez pas pris ce quiz